| 000 | 003730000a22001450004500 | ||
|---|---|---|---|
| 003 | MACL | ||
| 040 | _aMACL | ||
| 090 |
_c31479 _d31477 |
||
| 100 | _aBrey, Barry B. | ||
| 245 | _aProgramming The 80286,80386,80486,And Pentium based Persosnal Computer | ||
| 260 |
_bPrentice Hall of India _c2000 |
||
| 350 | _a325 | ||
| 650 | _aComputer probraming | ||
| 942 |
_cBOOK _k005.1/Bre |
||
| 999 |
_c31164 _d31164 |
||